[Event "CAN-ch U14 Girls"]
[Site "Windsor"]
[Date "2015.07.08"]
[Round "4.46"]
[White "Ouellet, Maili Jade"]
[Black "Peng, Sarah"]
[Result "1-0"]
[WhiteElo "1931"]
[BlackElo "1271"]
[PlyCount "101"]
[EventDate "2015.07.06"]
[EventType "swiss"]
[EventRounds "7"]
[EventCountry "CAN"]
[SourceTitle "EXT 2022"]
[Source "ChessBase"]
[SourceDate "2021.10.06"]
[SourceVersion "1"]
[SourceVersionDate "2021.10.06"]
[SourceQuality "1"]

1. d4 d5 2. c4 c6 3. Nf3 Nf6 4. Nc3 e6 5. Bg5 Bd6 6. e3 Nbd7 7. cxd5 cxd5 8. Bd3 h6 9. Bh4 0-0 10. 0-0 Re8 11. Qc2 e5 12. Nxd5 exd4 13. exd4 Rb8 14. Rae1 Be7 15. Nxe7+ Rxe7 16. Bg3 Ra8 17. Bc7 Qe8 18. Bd6 Rxe1 19. Rxe1 Qd8 20. Bc7 Qf8 21. a3 Nd5 22. Bg3 N7f6 23. Ne5 Be6 24. f4 Rc8 25. Qf2 Nb6 26. Ng6 fxg6 27. Rxe6 Qf7 28. Re1 Nh5 29. h3 Nxg3 30. Qxg3 Qf6 31. Qxg6 Qxd4+ 32. Kh1 Qxf4 33. Re8+ Rxe8 34. Qxe8+ Qf8 35. Bh7+ Kxh7 36. Qxf8 Nc4 37. Qc5 Nb6 38. a4 Nxa4 39. Qc2+ Kg8 40. Qxa4 a6 41. Qe8+ Kh7 42. Qe4+ Kg8 43. Qxb7 a5 44. Qa8+ Kh7 45. Qxa5 Kg6 46. g4 Kh7 47. h4 Kg8 48. g5 Kh7 49. Qf5+ Kh8 50. g6 Kg8 51. Qc8# 1-0

[Event "CAN-ch U14 Girls"]
[Site "Windsor"]
[Date "2015.07.07"]
[Round "3.48"]
[White "Paraparan, Varshini"]
[Black "Peng, Sarah"]
[Result "1/2-1/2"]
[WhiteElo "1541"]
[BlackElo "1271"]
[PlyCount "79"]
[EventDate "2015.07.06"]
[EventType "swiss"]
[EventRounds "7"]
[EventCountry "CAN"]
[SourceTitle "EXT 2022"]
[Source "ChessBase"]
[SourceDate "2021.10.06"]
[SourceVersion "1"]
[SourceVersionDate "2021.10.06"]
[SourceQuality "1"]

1. e4 e5 2. Nf3 Nc6 3. Bb5 Nge7 4. c3 a6 5. Ba4 b5 6. Bc2 d6 7. h3 g6 8. 0-0 Bg7 9. d4 exd4 10. cxd4 0-0 11. a3 d5 12. e5 Bf5 13. Re1 Qd7 14. Nc3 f6 15. exf6 Rxf6 16. Bg5 Rf7 17. Bb3 Raf8 18. Qd2 Bxh3 19. Bxe7 Nxe7 20. gxh3 Rxf3 21. Rxe7 Qxe7 22. Bxd5+ Kh8 23. Bxf3 Rxf3 24. Kg2 Rf5 25. Re1 Qd7 26. Re4 c5 27. Ne2 Qd5 28. f3 h6 29. Qe3 cxd4 30. Nxd4 Rg5+ 31. Kh2 Qd6+ 32. Qf4 Rd5 33. Qxd6 Rxd6 34. Re8+ Kh7 35. Ne6 Rd7 36. Nxg7 Kxg7 37. Re6 Rd2+ 38. Kg3 Rxb2 39. Rxa6 h5 40. Ra5 1/2-1/2

[Event "CAN-ch U14 Girls"]
[Site "Windsor"]
[Date "2015.07.07"]
[Round "2.44"]
[White "Peng, Sarah"]
[Black "Zhou, Lily"]
[Result "0-1"]
[WhiteElo "1271"]
[BlackElo "1766"]
[PlyCount "110"]
[EventDate "2015.07.06"]
[EventType "swiss"]
[EventRounds "7"]
[EventCountry "CAN"]
[SourceTitle "EXT 2022"]
[Source "ChessBase"]
[SourceDate "2021.10.06"]
[SourceVersion "1"]
[SourceVersionDate "2021.10.06"]
[SourceQuality "1"]

1. e4 c5 2. Nf3 Nc6 3. Nc3 e6 4. Bc4 a6 5. d3 b5 6. Bb3 Nf6 7. 0-0 d5 8. exd5 exd5 9. Bg5 c4 10. Bxf6 gxf6 11. Re1+ Be6 12. dxc4 dxc4 13. Nd5 cxb3 14. axb3 Bh6 15. c4 0-0 16. Re4 f5 17. Re2 Bxd5 18. cxd5 Nb4 19. d6 Bf4 20. d7 Qc7 21. Qd4 Nc2 22. Rxc2 Bxh2+ 23. Nxh2 Qxc2 24. Re1 Qc7 25. Re3 f6 26. Qd5+ Kh8 27. Qxf5 Qd6 28. Ng4 Kg7 29. Rg3 Kh8 30. Nh6 Rad8 31. Rd3 Qe5 32. Qf3 Qc7 33. Qh3 f5 34. Nxf5 Rxd7 35. Rg3 Rdf7 36. Rg5 Qc1+ 37. Kh2 Qxg5 38. Ng3 Rxf2 39. Ne4 Qe5+ 40. Ng3 Rxb2 41. Qh6 Rff2 42. Kh3 Rxb3 43. Qh4 Qxg3+ 44. Qxg3 Rxg3+ 45. Kxg3 Rf1 46. Kh3 Kg7 47. g4 b4 48. g5 Rg1 49. g6 Rxg6 50. Kh4 Kf6 51. Kh3 Kf5 52. Kh4 b3 53. Kh5 b2 54. Kh4 b1R 55. Kh5 Rh1# 0-1

[Event "Toronto NAYCC U16 Girls"]
[Site "Toronto"]
[Date "2013.08.14"]
[Round "1"]
[White "Wang, Joie"]
[Black "Peng, Sarah"]
[Result "1-0"]
[WhiteElo "1819"]
[BlackElo "839"]
[PlyCount "139"]
[EventDate "2013.08.14"]
[EventType "swiss"]
[EventRounds "9"]
[EventCountry "CAN"]
[SourceTitle "EXT 2022"]
[Source "ChessBase"]
[SourceDate "2021.10.06"]
[SourceVersion "1"]
[SourceVersionDate "2021.10.06"]
[SourceQuality "1"]

1. e4 e5 2. Nf3 Nc6 3. Bc4 Bc5 4. b4 Bxb4 5. c3 Bc5 6. d4 exd4 7. 0-0 Nf6 8. cxd4 Bb4 9. Qb3 0-0 10. d5 Nd4 11. Nxd4 Bc5 12. Qd3 Re8 13. Bg5 h6 14. Bxf6 Qxf6 15. Nb3 Bd6 16. N1d2 Re5 17. Nf3 Rh5 18. Qd4 Be5 19. Nxe5 Rxe5 20. Nd2 Rg5 21. Qxf6 gxf6 22. Nf3 Rg4 23. Bd3 d6 24. Rac1 c5 25. dxc6 bxc6 26. Rxc6 Bb7 27. Rxd6 Bxe4 28. Bxe4 Rxe4 29. Rxf6 Kg7 30. Ra6 Re7 31. h3 Rg8 32. Re1 Rd7 33. Rc1 f6 34. Rc4 h5 35. Rca4 Kg6 36. Rxa7 Rd1+ 37. Kh2 Re8 38. g4 hxg4 39. Rxg4+ Kh6 40. Ra6 Rf8 41. a4 Ra1 42. Kg3 Rd1 43. a5 Rd5 44. Ra7 Re8 45. a6 Rd6 46. Kh4 Rd5 47. Rag7 Rh5+ 48. Kg3 Rg5 49. R7xg5 fxg5 50. Rxg5 Ra8 51. Ra5 Kg6 52. a7 Kf7 53. Kf4 Ke7 54. h4 Rf8+ 55. Kg4 Rg8+ 56. Kh5 Rh8+ 57. Kg6 Rg8+ 58. Kh7 Ra8 59. h5 Kf7 60. h6 Kf6 61. Ra6+ Kf7 62. Ng5+ Ke7 63. Kg7 Kd7 64. h7 Kc7 65. h8Q Rxh8 66. Kxh8 Kb7 67. a8Q+ Kc7 68. Qa7+ Kd8 69. Rb6 Ke8 70. Rb8# 1-0

[Event "CAN-ch U12 Girls"]
[Site "Ottawa"]
[Date "2013.07.10"]
[Round "2"]
[White "Peng, Sarah"]
[Black "Paraparan, Varshini"]
[Result "0-1"]
[WhiteElo "732"]
[BlackElo "1525"]
[PlyCount "72"]
[EventDate "2013.07.10"]
[EventType "swiss"]
[EventRounds "6"]
[EventCountry "CAN"]
[SourceTitle "EXT 2022"]
[Source "ChessBase"]
[SourceDate "2021.10.06"]
[SourceVersion "1"]
[SourceVersionDate "2021.10.06"]
[SourceQuality "1"]

1. e4 d6 2. Nc3 Nf6 3. Bc4 g6 4. h3 Bg7 5. Nf3 0-0 6. 0-0 e5 7. d3 Nc6 8. Bg5 h6 9. Bxf6 Qxf6 10. Nd5 Qd8 11. Nh2 Ne7 12. Nxe7+ Qxe7 13. Qf3 Be6 14. Bxe6 Qxe6 15. Qg3 f5 16. exf5 gxf5 17. Rae1 Qxa2 18. Qg6 b6 19. Nf3 Rf6 20. Qg3 Qxb2 21. d4 e4 22. Rb1 Qc3 23. Rb3 Qxc2 24. Re3 exf3 25. Qxf3 Raf8 26. Qd5+ Kh8 27. Re7 c6 28. Qf3 R6f7 29. Rxf7 Rxf7 30. Re1 Bxd4 31. Re8+ Kh7 32. Qh5 Qxf2+ 33. Kh2 Qf4+ 34. Kh1 Qf1+ 35. Kh2 Bg1+ 36. Kg3 Qf2# 0-1